Top 500 Baby Boy Names in the USA - 2006 - Alphabetical - Statistics

General Stats
  • This quiz has been taken 121 times
  • The average score is 243 of 500
Answer Stats
Hint Answer % Correct
36 J Jack
95%
67 A Alex
94%
24 B Benjamin
94%
19 J John
94%
454 J Jon
94%
12 A Alexander
92%
307 D Danny
92%
13 D David
92%
16 J James
92%
74 J Jesus
92%
31 J Jose
92%
205 A Andre
90%
358 C Chris
90%
6 D Daniel
90%
11 J Joseph
89%
167 P Peter
89%
64 A Adam
87%
9 A Anthony
87%
95 H Henry
87%
368 J Joe
87%
407 M Marc
87%
2 M Michael
87%
47 R Robert
87%
68 S Sean
87%
342 S Shaun
87%
168 S Shawn
87%
57 A Aaron
85%
7 A Andrew
85%
427 C Carl
85%
246 F Frank
85%
348 L Luca
85%
112 M Marcus
85%
461 S Sam
85%
25 S Samuel
85%
10 W William
85%
60 C Charles
84%
21 C Christian
84%
8 C Christopher
84%
134 C Cristian
84%
384 D Dean
84%
303 D Donald
84%
141 E Edward
84%
152 G George
84%
45 J Justin
84%
466 K Kristian
84%
393 K Kristopher
84%
235 L Leo
84%
173 O Oliver
84%
51 T Thomas
84%
337 C Charlie
82%
35 J Jackson
82%
1 J Jacob
82%
128 M Mark
82%
5 M Matthew
82%
23 N Nathan
82%
132 P Paul
82%
14 R Ryan
82%
182 A Abraham
81%
27 B Brandon
81%
237 J Johnny
81%
59 L Lucas
81%
244 L Lukas
81%
17 N Nicholas
81%
72 B Brian
79%
136 E Eli
79%
80 I Ian
79%
350 J Jay
79%
22 J Jonathan
79%
43 L Luke
79%
104 V Victor
79%
353 A Albert
77%
4 E Ethan
77%
42 E Evan
77%
28 G Gabriel
77%
46 J Jordan
77%
199 M Martin
77%
118 O Oscar
77%
33 Z Zachary
77%
32 A Aiden
76%
283 A Allen
76%
70 C Carlos
76%
391 E Eddie
76%
77 E Eric
76%
48 I Isaac
76%
3 J Joshua
76%
37 K Kevin
76%
69 N Nathaniel
76%
239 S Simon
76%
124 J Jeremy
74%
183 L Leonardo
74%
99 R Richard
74%
471 B Billy
73%
476 F Frederick
73%
65 J Julian
73%
98 L Liam
73%
20 L Logan
73%
110 P Patrick
73%
286 P Phillip
73%
462 T Tommy
73%
210 T Ty
73%
78 X Xavier
73%
94 A Antonio
71%
188 B Bradley
71%
52 C Cameron
71%
137 D Damian
71%
195 D Damien
71%
26 D Dylan
71%
127 I Ivan
71%
284 K Kameron
71%
81 K Kyle
71%
320 L Louis
71%
15 N Noah
71%
58 O Owen
71%
93 T Timothy
71%
18 T Tyler
71%
107 V Vincent
71%
63 A Adrian
69%
34 C Caleb
69%
181 C Collin
69%
429 C Cory
69%
231 H Harrison
69%
108 J Jake
69%
325 J Jimmy
69%
115 K Kaleb
69%
40 M Mason
69%
249 R Ronald
69%
221 T Taylor
69%
121 A Ashton
68%
369 E Elliot
68%
318 J Jerry
68%
129 K Kenneth
68%
446 N Noel
68%
282 Q Quinn
68%
164 S Stephen
68%
338 A Abel
66%
204 A Andy
66%
378 A Arthur
66%
208 G Gregory
66%
123 J Joel
66%
90 S Steven
66%
130 A Alexis
65%
41 A Austin
65%
481 B Bruce
65%
313 D Dennis
65%
54 H Hunter
65%
55 J Jason
65%
163 J Javier
65%
71 J Jeremiah
65%
206 M Marco
65%
116 P Parker
65%
122 A Alan
63%
252 A Asher
63%
483 B Bobby
63%
75 C Carter
63%
84 C Cole
63%
29 E Elijah
63%
102 J Jesse
63%
295 T Theodore
63%
66 B Bryan
61%
109 B Bryce
61%
111 C Colin
61%
218 G Grayson
61%
499 G Greyson
61%
138 J Jared
61%
61 J Juan
61%
276 K Keith
61%
160 M Max
61%
341 P Philip
61%
220 C Calvin
60%
105 C Cody
60%
53 C Connor
60%
85 D Dominic
60%
330 J Jude
60%
240 J Julio
60%
379 L Larry
60%
273 M Mateo
60%
201 M Miles
60%
361 D Darren
58%
207 D Drew
58%
186 E Elias
58%
49 J Jayden
58%
180 J Jeffrey
58%
170 J Jonah
58%
354 J Jonas
58%
194 R Raymond
58%
76 S Sebastian
58%
359 A Ali
56%
97 B Blake
56%
316 B Brenden
56%
444 B Brodie
56%
148 B Brody
56%
349 G Gary
56%
238 K Kai
56%
365 M Morgan
56%
216 R Roberto
56%
253 S Scott
56%
79 B Brayden
55%
185 B Brendan
55%
87 C Carson
55%
83 C Chase
55%
381 D Damon
55%
171 E Edgar
55%
158 E Edwin
55%
88 J Jaden
55%
406 L Lawrence
55%
133 L Levi
55%
101 R Riley
55%
328 T Tony
55%
288 T Trent
55%
86 T Tristan
55%
336 T Tristen
55%
498 W Warren
55%
82 W Wyatt
55%
437 B Beau
53%
113 C Cooper
53%
159 D Derek
53%
242 D Drake
53%
38 G Gavin
53%
73 H Hayden
53%
39 I Isaiah
53%
146 N Nolan
53%
347 Q Quentin
53%
209 R Roman
53%
356 W Walter
53%
315 A Alberto
52%
457 F Finn
52%
155 G Grant
52%
425 J Jameson
52%
433 K Kade
52%
149 M Maxwell
52%
275 M Mitchell
52%
229 T Troy
52%
277 T Tyson
52%
161 A Andres
50%
296 A Axel
50%
271 F Fabian
50%
395 F Felix
50%
50 L Landon
50%
219 P Pedro
50%
396 R Ricky
50%
190 W Wesley
50%
280 X Xander
50%
399 A Anderson
48%
211 A Avery
48%
106 B Brady
48%
135 C Colton
48%
351 D Dallas
48%
340 E Ezra
48%
438 F Franklin
48%
301 L Lincoln
48%
453 N Noe
48%
114 P Preston
48%
456 R Roger
48%
403 R Russell
48%
445 T Terry
48%
287 C Cade
47%
226 C Clayton
47%
258 D Dustin
47%
126 E Eduardo
47%
166 E Emmanuel
47%
370 H Hugo
47%
117 J Josiah
47%
89 M Miguel
47%
441 M Moses
47%
153 R Ricardo
47%
416 Z Zachariah
47%
241 Z Zane
47%
30 A Angel
45%
233 D Dawson
45%
156 F Francisco
45%
430 G Graham
45%
120 J Jorge
45%
92 K Kaden
45%
319 L Lance
45%
178 M Mario
45%
417 M Marshall
45%
448 N Nelson
45%
179 S Shane
45%
162 T Travis
45%
91 C Caden
44%
362 D Douglas
44%
139 G Garrett
44%
187 J Jace
44%
322 J Julius
44%
131 O Omar
44%
292 P Pablo
44%
310 R Randy
44%
125 T Trevor
44%
373 C Chad
42%
272 C Colby
42%
234 C Corey
42%
339 C Curtis
42%
278 D Darius
42%
267 E Ezekiel
42%
497 K Kenny
42%
165 M Manuel
42%
489 Q Quincy
42%
225 R Ruben
42%
480 T Tobias
42%
263 T Tucker
42%
260 A Angelo
40%
308 C Casey
40%
404 D Davis
40%
56 D Diego
40%
332 E Esteban
40%
345 M Marvin
40%
184 S Spencer
40%
142 T Tanner
40%
376 W Weston
40%
96 A Alejandro
39%
485 B Brent
39%
290 D Dante
39%
254 D Derrick
39%
251 H Hudson
39%
202 I Israel
39%
230 K Kayden
39%
145 M Micah
39%
451 R Roy
39%
304 B Brett
37%
200 D Dalton
37%
463 D Desmond
37%
100 D Devin
37%
375 M Maximus
37%
269 P Payton
37%
157 P Peyton
37%
217 R Rafael
37%
423 R Rowan
37%
103 S Seth
37%
372 S Silas
37%
245 A Aden
35%
334 A Alfredo
35%
326 A Amir
35%
261 B Brock
35%
222 C Camden
35%
213 C Cayden
35%
274 C Chance
35%
367 D Declan
35%
197 D Devon
35%
175 H Hector
35%
324 I Ismael
35%
212 J Jaxon
35%
247 S Sawyer
35%
305 Z Zander
35%
265 Z Zion
35%
366 B Bennett
34%
172 D Dakota
34%
266 K Kyler
34%
335 N Nickolas
34%
432 R Reese
34%
257 R Ryder
34%
298 S Saul
34%
401 C Chandler
32%
291 C Corbin
32%
174 E Erick
32%
189 E Erik
32%
449 E Everett
32%
314 G Gael
32%
147 G Giovanni
32%
191 J Jaylen
32%
440 J Jaylin
32%
255 R Raul
32%
447 R Rodney
32%
44 A Aidan
31%
299 B Brennan
31%
388 B Bryant
31%
223 D Dillon
31%
198 D Donovan
31%
151 F Fernando
31%
279 J Jaime
31%
428 J Jayce
31%
484 J Jessie
31%
478 Q Quinton
31%
192 T Trenton
31%
250 T Trey
31%
224 B Braxton
29%
392 D Dane
29%
297 E Emilio
29%
256 G Griffin
29%
227 K Keegan
29%
140 N Nicolas
29%
259 R Rylan
29%
329 A Alec
27%
264 A Armando
27%
494 C Cruz
27%
465 D Dorian
27%
357 E Easton
27%
281 E Enrique
27%
377 E Ernesto
27%
228 J Jalen
27%
364 R Ramon
27%
490 R Rocco
27%
323 A Arturo
26%
143 B Braden
26%
176 B Bryson
26%
380 C Cash
26%
154 G Gage
26%
385 H Holden
26%
177 J Johnathan
26%
193 J Josue
26%
488 J Judah
26%
434 K Kelvin
26%
327 L Lane
26%
236 M Maddox
26%
248 M Marcos
26%
424 M Melvin
26%
422 P Phoenix
26%
479 P Porter
26%
232 S Santiago
26%
62 L Luis
24%
150 M Malachi
24%
394 M Maurice
24%
469 M Mohamed
24%
196 S Sergio
24%
473 S Solomon
24%
411 T Tate
24%
413 W Walker
24%
419 A Amari
23%
119 A Ayden
23%
306 G Gustavo
23%
300 L Lorenzo
23%
311 M Myles
23%
363 R Rodrigo
23%
302 A Adan
21%
468 A Ariel
21%
414 C Cohen
21%
144 C Conner
21%
268 G Gerardo
21%
214 J Jaiden
21%
243 K Kaiden
21%
169 C Cesar
19%
262 E Emanuel
19%
474 G Grady
19%
285 J Joaquin
19%
355 O Orlando
19%
470 R Reed
19%
458 F Felipe
18%
289 M Malik
18%
317 M Mathew
18%
420 R Reid
18%
464 T Terrance
18%
402 U Uriel
18%
500 C Conor
16%
387 E Elliott
16%
331 E Emiliano
16%
410 J Javon
16%
352 J Jayson
16%
343 L Leland
16%
344 M Moises
16%
487 T Tomas
16%
312 C Caiden
15%
409 J Justice
15%
382 K Keaton
15%
360 N Nehemiah
15%
496 R Rene
15%
472 B Branden
13%
293 J Jakob
13%
415 J Jaydon
13%
450 K Khalil
13%
418 M Micheal
13%
412 R Reece
13%
390 S Salvador
13%
435 S Skylar
13%
270 S Skyler
13%
321 Z Zackary
13%
452 D Deandre
11%
215 D Dominick
11%
482 J Jaylon
11%
431 J Jeffery
11%
374 J Jonathon
11%
492 K Kody
11%
467 L Leonel
11%
346 C Camron
10%
439 G Guillermo
10%
405 I Isiah
10%
398 J Jadon
10%
389 J Jaxson
10%
477 J Jermaine
10%
397 B Braydon
8%
400 B Braylon
8%
436 D Demetrius
8%
203 L Landen
8%
421 N Nasir
8%
383 N Nikolas
8%
294 B Brayan
6%
495 D Damion
6%
333 B Braeden
5%
408 I Issac
5%
442 J Jamari
5%
455 N Nathanael
5%
426 T Talon
5%
386 Y Yahir
5%
475 D Davion
3%
460 I Izaiah
3%
459 J Jamarion
3%
371 M Mauricio
3%
443 M Mekhi
3%
309 T Talan
3%
493 Z Zachery
3%
491 O Osvaldo
2%
486 T Triston
2%
No matching quizzes found
Score Distribution
Percent of People with Each Score
Percentile by Number Answered
Your Score History
You have not taken this quiz